| 000 | 00581ntaaa2200205 4500 | ||
|---|---|---|---|
| 003 | 01 | ||
| 005 | 20251027202523.0 | ||
| 008 | 0714s1973 ag 01 | ||
| 040 |
_aAR-BaBN _bspa _cAR-BaBN _eaacr _dRIC |
||
| 082 | _a242.2000 T44 | ||
| 100 |
_aTiesens, M.S.G. _924164 |
||
| 245 | _aWasserquelle wraus zu schopfen tagliche. Morgen und Abend-Segen | ||
| 250 | _a1 ed. | ||
| 260 |
_aBerlin : _bs.e., _cs.d. |
||
| 300 | _a366 p. | ||
| 500 | _aLibro devocional en alemán, muy antiguo | ||
| 650 |
_aVida espiritual _9658 |
||
| 650 |
_aLecturas diarias devocionales _924165 |
||
| 942 | _cBK | ||
| 999 |
_c20227 _d20227 |
||